000 00786nas a2200277 4500
001 BR9500535
003 BR-BrBNA
005 20231205093828.0
007 ta
008 230509b bl.|||p| |||| 00| 00por d
040 _aBR-BrBNA
_bpor
_cBiblioteca Nacional de Agricultura
041 _a(Pt)
072 _aL73
100 1 _aReis, R.
100 1 _aNakajima, M.
100 1 _aNascimento, E.F.
100 1 _aFerraz, I.B.F.
100 1 _aLeite, R.C.
245 1 _aInfeccoes urinarias em porcas
650 _aSUÍNO
650 _aCistite
650 _aDoenca Animal
773 0 _tArquivo Brasileiro de Medicina Veterinaria e Zootecnia (Brazil)
_xISSN 0102-0935
_g(Oct 1992), v. 44(5) p. 363-376
_wBR9500535
909 _a202311
_bLúcia
_c55
_dLúcia Elande
942 _2AGRIS
_n0
_cANA
999 _c140612
_d140612